000 00856nmm a2200277 a 4500
001 ocm000585435
003 TR-IsHL
005 20201028125000.0
008 130625s2008 tu tur
007 cr cn
020 _a9789944257336
035 _a585435
_b(N$T)
050 0 4 _aBF1850
_b.A93 2008
090 0 4 _aBF1850
_b.A93 2008
245 1 0 _aBüyük rüya tabirleri ansiklopedisi
_h[electronic resource] /
_cLilay Koradan
250 _a1. bs.
260 _aİstanbul :
_bAkis Kitap,
_c2008
300 _a496 p.
650 4 _aGenel Çalışmalar
650 4 _aGeneral Works
650 0 _aFalcılık
650 0 _aFortune telling
650 7 _aBODY, MIND & SPIRIT / Divination / Fortune Telling
_2bisacsh
700 1 _aKoradan, Lilay
856 4 0 _uhttp://search.ebscohost.com/login.aspx?direct=true&scope=site&db=e011xww&AN=585435
999 _c3241
_d3241